00885cas a22002897a 450000500170000000800410001701000100005801100100006803500100007824500430008826000430013130000070017431000140018136200180019550000500021359000410026359000410030459000410034559000420038665000550042886600160048386600210049986600210052090100070054190500300054899900170057820220329142045.0990504d uk fr pernn 0 uub1eng d a77736 a78708 a8872700aAnnual Review in Automatic Programming0 aElmsford, N.Y.bPergamon Press,c1965- av. aSemestral av.7 n.3, 1973 aSe dejó de recibir a partir del v.13, 1979. aBATCH-UPDb10c20130110lUCH01h0503 aBATCH-UPDb10c20130410lUCH01h0141 aBATCH-UPDb10c20130914lUCH01h1943 aCONVERSIONb10c20130109lUCH01h134314aProgramaciónxPublicaciones periódicas.992367 av.13 (1979) av.5 n.1-2 (1969) av.7 n.2-3 (1973) aSE aMa. del Socorro Iturbe C. c77736d77736